000 00747nam a2200289Ia 4500
001 2848
003 IT-RoPAU
008 130308s9999 xx 000 0 und d
040 _aIT-RoPAU
040 _cIT-RoPAU
041 _aITALIANO
100 _aDel Buono Oreste
100 _gCodice Aut. SPICS: 7423
245 _aDa Fortunello a Giudizio, passando per Little Nemo
245 _bClowns (I)
250 _a1a ed.
260 _aBOLOGNA
260 _bCappelli
260 _c1970 [1° Ed.:1970 - Ed.Ling.Originale:1970]
300 _a"8 p. (prefazione: no ; testo: 8 [pagine: 73-80])"
650 _aAUTORI/OPERE DEL CINEMA
650 _eCodice materia Spics: 6807
942 _cBK
957 _71
999 _c52583
_d52583
999 _bSI
999 _g1